La vida comunal /

Guardado en:
Autor Principal: Weber
Formato: Deslizar
Series:La tradición de Occidente
Materias:
Etiquetas: Agregar Etiqueta
Sin Etiquetas, Sea el primero en etiquetar este registro!
LEADER 00829ngm a22002655g 4500
001 CEM.cems022144
008 130507b1995##################0###0#####d
005 20241007163147.0
245 1 0 |a La vida comunal /  |c Weber. 
300 |a 26'. 
490 0 |a La tradición de Occidente 
500 |a En soporte VHS, consultar en ventanilla. 
505 0 |a Historia de la Edad Media. Organización social. Poder de la Iglesia. Epidemias. 
538 |a Soporte: VHS - Norma: Pal N - Color - Grabación DRD 1995 - Hitachi=0000 
100 1 |a Weber 
082 9 0 |/ REV 
653 |a HISTORIA 
653 |a VIDA COMUNAL 
653 |a COMUNA 
653 |a EDAD MEDIA 
653 |a OCCIDENTE 
653 |a IGLESIA 
653 |a EPIDEMIAS 
653 |a NIVEL SECUNDARIO 
859 |a CEMS  |b BIB. CEMS - Depto. Recursos Didacticos  |h 904  |i REV  |k DRD  |p 787.12  |t Ej.1